<?xml version="1.0" encoding="UTF-8"?>
<collection xmlns="http://www.loc.gov/MARC21/slim">
 <record>
  <leader>01233nam a22001937a 4500</leader>
  <controlfield tag="001">NCT_150887</controlfield>
  <controlfield tag="008">230603b        xxu||||| |||| 00| 0 vie d</controlfield>
  <datafield tag="999" ind1=" " ind2=" ">
   <subfield code="c">7799</subfield>
   <subfield code="d">7799</subfield>
  </datafield>
  <datafield tag="020" ind1=" " ind2=" ">
   <subfield code="a">9786045893593</subfield>
   <subfield code="c">125000</subfield>
  </datafield>
  <datafield tag="082" ind1="0" ind2="4">
   <subfield code="2">23rd ed.</subfield>
   <subfield code="a">133.3337</subfield>
   <subfield code="b">V500</subfield>
  </datafield>
  <datafield tag="100" ind1="1" ind2=" ">
   <subfield code="a">Valentine Vũ</subfield>
  </datafield>
  <datafield tag="245" ind1="1" ind2="0">
   <subfield code="a">Màu sắc theo phong thủy Đông Tây :</subfield>
   <subfield code="b">Ứng dụng màu sắc trong thời trang và cuộc sống</subfield>
   <subfield code="c">Valentine Vũ</subfield>
  </datafield>
  <datafield tag="260" ind1=" " ind2=" ">
   <subfield code="a">Thành phố Hồ Chí Minh</subfield>
   <subfield code="b">Tổng hợp</subfield>
   <subfield code="c">2019</subfield>
  </datafield>
  <datafield tag="300" ind1=" " ind2=" ">
   <subfield code="a">174 tr.</subfield>
   <subfield code="b">minh họa</subfield>
   <subfield code="c">23cm</subfield>
  </datafield>
  <datafield tag="520" ind1="3" ind2=" ">
   <subfield code="a">Nội dung sách nói về phong và thủy, gió và nước; hai thứ luôn di chuyển để tạo ra chân khí lưu thông vì nếu chúng bị tù đọng sẽ dẫn tới sự cản trở của năng lượng xấu. Vòng tuần hoàn của nước trong môi trường từ mây thành mưa, thành sông ngòi rồi đổ về biển cả,...</subfield>
  </datafield>
  <datafield tag="653" ind1=" " ind2=" ">
   <subfield code="a">Tham khảo </subfield>
  </datafield>
  <datafield tag="942" ind1=" " ind2=" ">
   <subfield code="2">ddc</subfield>
   <subfield code="c">BK</subfield>
  </datafield>
  <datafield tag="952" ind1=" " ind2=" ">
   <subfield code="0">0</subfield>
   <subfield code="1">0</subfield>
   <subfield code="2">ddc</subfield>
   <subfield code="4">0</subfield>
   <subfield code="6">133_333700000000000_V500</subfield>
   <subfield code="7">0</subfield>
   <subfield code="9">27788</subfield>
   <subfield code="a">000001</subfield>
   <subfield code="b">000001</subfield>
   <subfield code="d">2023-06-03</subfield>
   <subfield code="o">133.3337 V500</subfield>
   <subfield code="p">TK.03399</subfield>
   <subfield code="r">2023-06-03</subfield>
   <subfield code="v">125000.00</subfield>
   <subfield code="w">2023-06-03</subfield>
   <subfield code="y">BK</subfield>
  </datafield>
  <datafield tag="980" ind1=" " ind2=" ">
   <subfield code="a">Thư viện Trường Đại học Nam Cần Thơ</subfield>
  </datafield>
 </record>
</collection>
